Normal view MARC view

Entry Personal Name

Number of records used in: 1

001 - CONTROL NUMBER

  • control field: 74340

003 - CONTROL NUMBER IDENTIFIER

  • control field: OSt

005 - DATE AND TIME OF LATEST TRANSACTION

  • control field: 20230307093656.0

008 - FIXED-LENGTH DATA ELEMENTS

  • fixed length control field: 230307|| aca||aabn | a|a d

040 ## - CATALOGING SOURCE

  • Original cataloging agency: OSt
  • Transcribing agency: OSt

100 ## - HEADING--PERSONAL NAME

  • Personal name: Job kozhamthadam Ed

670 ## - SOURCE DATA FOUND

  • Source citation: Work cat.: (OSt)226907: Job kozhamthadam Ed, Modern science religion and the quest for unity, 2005